000 00557nam a2200181 a 4500
005 20140412111303.0
008 010404s19uu xx 00 eng d
020 _a1-85830-012-6
050 _aER
_bSl1
100 _aDe La Touche, Grace
245 _aSleeping Beauty /
_cstory re-told by Grace De La Touche ; illustrated by Pam Storey.
260 _aLondon :
_bGrandreams Ltd,
_c1997.
300 _a1 v. (unp.) ; ill.
440 _aA Goodnight, Sleeptight Storybook
650 _aFariy tales
650 _aChildren's stories
_xFiction
999 _c103545
_d103545